Mézeskalács kedvencek

Bibliographic Details
Main Authors: Szlávik, Cyntia (Author, Interviewer), Fazekas, Gitti (Author)
Format: Article
Language:Hungarian
PhysicalDescription:Fotografie
ISSN:1336-3638
Subjects:

MARC

LEADER 00000nab a2200000 4500
001 vtls011743561
003 SK-MaSNL
005 20260319070822.0
008 180226|2018 xo w||| || ||00 0|hun
015 |a SNBRB2018/02 
040 |a DSZK  |b slo  |c DSZK  |e rda 
041 |a hun 
043 |a e-xo--- 
044 |a xo  |c SK 
072 7 |a 641  |x Kuchárstvo. Potraviny. Varené jedlá  |2 konspekt 
072 7 |a 638  |x Včelárstvo  |2 konspekt 
080 |a 641.85:638.167  |2 2011 
100 1 |a Szlávik, Cyntia  |4 ivr  |4 aut  |9 1086302 
245 1 0 |a Mézeskalács kedvencek  |c Szlávik Cyntia, Fazekas Gitti 
300 |b Fotografie 
336 |a text  |b txt  |2 rdacontent 
337 |a bez média  |b n  |2 rdamedia 
338 |a zväzok  |b nc  |2 rdacarrier 
600 1 7 |a Fazekas, Gitti  |2 dszk  |9 1087107 
650 0 7 |a medovníky  |2 SNKPH  |9 36829 
650 0 7 |a pečenie (príprava jedál)  |2 SNKPH  |9 55369 
651 7 |a Dolný Štál (Slovensko)  |2 SNKPH  |9 79250 
700 1 |a Fazekas, Gitti  |4 ive  |4 aut  |9 1087107 
773 0 |t Csallóköz  |g Évf. 57, sz. 51-52 (2017), o. 22  |x 1336-3638 
852 |a DSZK  |b KIS3GCP 
958 |a HU 
999 |c 1787626  |d 1789556